000
00308nam a22001337a 4500
008
180226b xxu||||| |||| 00| 0 eng d
020
_a
081922401
041
_a
eng
080
_a
91
100
_a
art
101
_a
42
245
_a
masters of world painting henri matisse
_c
matisse.h
942
_2
udc
_c
BK
999
_c
43417
_d
43417